000 01578nam0a2200325 4500
001 RU\NLR\bibl\1423621
005 20250615215436.0
010 _a978-5-904030-58-2
035 _a(NLR Aleph) 001415552
090 _a1309743
_c1309743
100 _a20091014d2009 |||y0rusy50 ca
101 0 _arus
102 _aRU
105 _aa |||||||||
200 1 _aСказание о дружбе без границ
_eбашкиры в Санкт-Петербурге
_fА.Т. Биккулова
_gБашк. нац.-культур.автономия Санкт-Петербурга, Союз писателей "Многонац. Санкт-Петербург"
210 _aСанкт-Петербург
_c[б. и.]
_d2009
215 _a115, [1] с.
_cил., портр., цв. ил., портр.
_d32
300 _aНа обороте тит. л. авт.: А.Т. Биккулова, акад. РАЕН, д.х.н., проф.
300 _aПосвящ. ист. Программе Санкт-Петербурга "Толерантность"
320 _aБиблиогр. в тексте
606 1 _aБашкиры
_xИстория
_yСанкт-Петербург, город
_92578310
_3RU\NLR\auth\661524336
686 _aТ3(2-2СПб)
686 _aШ6(2=Баш)7-5{Лх-башк.230-75}
700 1 _4070
_7ca
_8rus
_aБиккулова
_bА. Т.
_f1929-2013
_gАльмира Талхаевна
_966445
_3RU\NLR\auth\7783517
801 0 _aRU
_bNLR
_c20091014
_gRCR
801 1 _aRU
_bNLR
_c20091014
830 _aавт. по ЭК
942 _cBOOK
980 _aNB